| 000 | 00981cam a22002413a 4500 | ||
|---|---|---|---|
| 001 | 3337 | ||
| 003 | PGUSA | ||
| 005 | 20140828083030.0 | ||
| 008 | 060406s2006||||xxu|||||s|||||000 | eng d | ||
| 040 |
_aPGUSA _beng |
||
| 042 | _adc | ||
| 050 | 4 | _aSK | |
| 100 | 1 |
_aRoosevelt, Theodore, _d1858-1919 |
|
| 245 | 1 | 0 |
_aHunting the Grisly and Other Sketches : _bAn Account of the Big Game of the United States and its Chase with Horse, Hound, and Rifle _h[electronic resource] / _cTheodore Roosevelt |
| 260 |
_bProject Gutenberg, _c2006 |
||
| 505 | 0 | _aThe bison, or American buffalo -- The black bear -- Old Ephraim, the grisly bear -- Hunting the grisly -- The cougar -- A peccary hunt on the Nueces -- Hunting with hounds -- Wolves and wolf-hounds -- In cowboy land. | |
| 506 | _aPublic domain in the USA. | ||
| 516 | _aElectronic text | ||
| 653 | _aHunting -- United States | ||
| 830 | 0 |
_aProject Gutenberg _v3337 |
|
| 856 | 4 | 0 | _uhttp://www.gutenberg.org/ebooks/3337 |
| 942 | _cEB | ||
| 999 |
_c232666 _d232666 |
||